| 000 | 01087nas a2200385 4500 | ||
|---|---|---|---|
| 001 | BR0401758 | ||
| 003 | BR-BrBNA | ||
| 005 | 20231205104510.0 | ||
| 007 | ta | ||
| 008 | 230509b bl.|||p| |||| 00| 00por d | ||
| 040 |
_aBR-BrBNA _bpor _cBiblioteca Nacional de Agricultura |
||
| 041 | _a(Pt) | ||
| 072 | _aP32; P33 | ||
| 100 | 1 | _aCampos, C.E.B. | |
| 100 | 1 | _aLani, J.L. | |
| 100 | 1 | _aResende, M. | |
| 100 | 1 | _aRezende, S.B. | |
| 245 | 1 | _aIndicadores de campo para solos hidromórficos na região de Viçosa (MG) | |
| 650 | _aTABOA | ||
| 650 | _aLENÇOL FREÁTICO | ||
| 650 | _aCOR | ||
| 650 | _aDEFICIÊNCIA | ||
| 650 | _aOXIGÊNIO | ||
| 650 | _aCLASSIFICAÇÃO DO SOLO | ||
| 650 | _aVEGETAÇÃO | ||
| 650 | _aDRENAGEM | ||
| 650 | _aPH | ||
| 650 | _aQUÍMICA DO SOLO | ||
| 650 | _aPERFIL DO SOLO | ||
| 650 | _aANÁLISE DO SOLO | ||
| 650 | _aMINAS GERAIS | ||
| 773 | 0 |
_tRevista Brasileira de Ciência do Solo (Brazil) _xISSN 0100-0683 _g(Nov-Dec 2003), v. 27(6) p. 1057-1066 _wBR0401758 |
|
| 909 |
_a202311 _bLúcia _c55 _dLúcia Elande |
||
| 942 |
_2AGRIS _n0 _cANA |
||
| 999 |
_c178410 _d178410 |
||